[Event "TICF 2024"]
[Site "Famalicao"]
[Date "2024.07.27"]
[Round "8.12"]
[White "Rodrigo, Ribeiro"]
[Black "Jose, Monteiro"]
[Result "1-0"]
[BlackElo "1926"]
[WhiteElo "2196"]
[LiveChessVersion "1.4.8"]

1. d4 {[%clk 1:30:58]} Nf6 {[%clk 1:30:54]} 2. c4 {[%clk 1:31:25]} e6
{[%clk 1:31:16]} 3. Nf3 {[%clk 1:31:51]} c5 {[%clk 1:31:35]} 4. e3
{[%clk 1:30:22]} cxd4 {[%clk 1:30:48]} 5. exd4 {[%clk 1:30:48]} d5
{[%clk 1:31:07]} 6. Nc3 {[%clk 1:29:33]} Bb4 {[%clk 1:30:32]} 7. a3
{[%clk 1:18:56]} Be7 {[%clk 1:30:36]} 8. Bf4 {[%clk 1:16:13]} a6 {[%clk 1:30:23]}
9. c5 {[%clk 1:12:01]} Nc6 {[%clk 1:30:30]} 10. Na4 {[%clk 1:11:07]} Ne4
{[%clk 1:28:00]} 11. Nb6 {[%clk 1:03:37]} Ra7 {[%clk 1:28:20]} 12. h4
{[%clk 0:46:42]} O-O {[%clk 1:27:34]} 13. b4 {[%clk 0:46:27]} f6 {[%clk 1:23:47]}
14. Be3 {[%clk 0:36:59]} e5 {[%clk 1:22:19]} 15. dxe5 {[%clk 0:30:59]} Be6
{[%clk 1:22:31]} 16. Nd4 {[%clk 0:25:41]} Nxd4 17. Qxd4 fxe5 {[%clk 1:21:04]} 18.
Qxe5 {[%clk 0:25:07]} Bf7 {[%clk 1:21:25]} 19. Nxd5 {[%clk 0:05:45]} Bxd5
{[%clk 1:21:37]} 20. Rd1 {[%clk 0:06:12]} Nf6 {[%clk 1:11:07]} 21. Bg5
{[%clk 0:02:18]} Qe8 {[%clk 0:57:19]} 22. Rxd5 {[%clk 0:02:38]} Nxd5
{[%clk 0:57:38]} 23. Qxd5+ {[%clk 0:03:06]} Kh8 {[%clk 0:56:21]} 24. Be3
{[%clk 0:03:24]} Qc6 {[%clk 0:54:23]} 25. Qb3 {[%clk 0:02:29]} Raa8
{[%clk 0:54:27]} 26. Bc4 {[%clk 0:00:33]} Rad8 {[%clk 0:54:00]} 27. O-O
{[%clk 0:00:34]} Bxh4 {[%clk 0:54:12]} 28. a4 {[%clk 0:00:58]} Bf6
{[%clk 0:50:22]} 29. b5 {[%clk 0:00:52]} axb5 {[%clk 0:50:45]} 30. axb5
{[%clk 0:00:59]} Qd7 {[%clk 0:50:38]} 31. Be2 {[%clk 0:00:40]} Be5
{[%clk 0:49:09]} 32. Qc4 {[%clk 0:00:42]} Bb8 {[%clk 0:47:31]} 33. Bf3
{[%clk 0:00:43]} Qc7 {[%clk 0:42:41]} 34. Qh4 {[%clk 0:01:07]} Rde8
{[%clk 0:41:19]} 35. Rc1 {[%clk 0:00:45]} Re6 {[%clk 0:39:39]} 36. Be4
{[%clk 0:00:34]} h6 {[%clk 0:38:07]} 37. Bd5 {[%clk 0:00:40]} Re5
{[%clk 0:37:31]} 38. Bf3 {[%clk 0:00:41]} Qe7 {[%clk 0:37:12]} 39. Qxe7
{[%clk 0:00:43]} Rxe7 {[%clk 0:37:40]} 40. c6 {[%clk 0:01:03]} bxc6
{[%clk 0:38:02]} 41. Bc5 {[%clk 0:01:29]} Rxf3 {[%clk 0:36:45]} 42. gxf3
{[%clk 0:00:33]} Re6 {[%clk 0:36:46]} 43. Bb6 {[%clk 0:00:33]} Rg6+
{[%clk 0:30:54]} 44. Kf1 {[%clk 0:00:58]} c5 {[%clk 0:31:00]} 45. Bxc5
{[%clk 0:01:11]} Bc7 {[%clk 0:29:35]} 46. Bd4 {[%clk 0:01:06]} Bb6
{[%clk 0:29:51]} 47. Be5 {[%clk 0:01:29]} Kg8 {[%clk 0:28:43]} 48. Rc6
{[%clk 0:01:21]} Kf7 {[%clk 0:29:08]} 49. Bd6 {[%clk 0:01:27]} Bd4
{[%clk 0:27:43]} 50. b6 Bxb6 {[%clk 0:21:08]} 51. Rxb6 {[%clk 0:01:05]} Kg8
{[%clk 0:19:58]} 52. Rb8+ {[%clk 0:01:12]} Kh7 {[%clk 0:20:26]} 53. Be5
{[%clk 0:01:29]} h5 {[%clk 0:19:55]} 54. Rb7 {[%clk 0:01:29]} Kh6
{[%clk 0:20:07]} 55. Bf4+ {[%clk 0:01:56]} Kh7 {[%clk 0:20:28]} 56. Rb5
{[%clk 0:02:09]} Rf6 {[%clk 0:20:41]} 57. Rxh5+ {[%clk 0:02:36]} Kg6
{[%clk 0:21:06]} 58. Rg5+ {[%clk 0:03:00]} Kf7 {[%clk 0:21:26]} 59. Rg4
{[%clk 0:03:18]} g6 {[%clk 0:21:45]} 60. Kg2 {[%clk 0:03:43]} Ra6
{[%clk 0:22:00]} 61. Be3 {[%clk 0:03:53]} Ra5 {[%clk 0:22:00]} 62. Rb4
{[%clk 0:04:13]} Ra6 {[%clk 0:21:43]} 63. f4 {[%clk 0:04:39]} Ra5
{[%clk 0:22:03]} 64. Kf3 {[%clk 0:05:06]} Ra6 {[%clk 0:21:53]} 65. Rb7+
{[%clk 0:05:32]} Kf8 {[%clk 0:21:56]} 66. Kg4 {[%clk 0:05:54]} Ra5
{[%clk 0:22:11]} 67. Bd4 {[%clk 0:04:31]} Rd5 {[%clk 0:22:24]} 68. Be5
{[%clk 0:04:46]} Rd1 {[%clk 0:22:45]} 69. Kg5 {[%clk 0:04:55]} Rg1+
{[%clk 0:23:00]} 70. Kf6 {[%clk 0:05:23]} Ke8 {[%clk 0:23:23]} 71. Re7+
{[%clk 0:05:30]} Kf8 {[%clk 0:23:25]} 72. Rh7 {[%clk 0:05:58]} Ke8
{[%clk 0:23:46]} 73. Rg7 {[%clk 0:05:56]} 1-0